| 000 | 00863nam a22002537a 4500 | ||
|---|---|---|---|
| 999 |
_c14283 _d14283 |
||
| 003 | AR-CdUCM | ||
| 008 | 190422b ||||| |||| 00| 0 spa d | ||
| 020 | _a978-84-683-0454-0 | ||
| 040 |
_aMUNICIPALIDAD PROVINCIAL DEL CUSCO _cBIBLIOTECA MUNICIPAL DEL CUSCO |
||
| 041 | _hspa | ||
| 082 |
_aEP / 220 / _bN29 |
||
| 100 |
_aNavarro Duran, Rosa _925823 |
||
| 245 | _aLa biblia contada a los niños / | ||
| 260 |
_aBarcelona : _bEdebé, _c2012. |
||
| 300 |
_a333 páginas ; _bIlustraciones, _c25 cm. |
||
| 440 |
_aClásicos contados a los niños _933006 |
||
| 505 | _aContenido: El Antiguo testamento -- El nuevo testamento. | ||
| 650 |
_aLa biblia _917692 |
||
| 650 |
_aLiteratura Infantil _9588 |
||
| 650 |
_aEl antiguo Testamento para niños _933007 |
||
| 650 |
_aEl nuevo Testamento para niños _933008 |
||
| 942 |
_2ddc _cLIBROS |
||
| 945 |
_acmm _d2019-04-22 |
||